000 01084cam a22003137a 4500
003 CHAP
005 20220329141845.0
008 980311d1986 mx o r 00110 spa d
010 _a74880
011 _a75852
035 _a85423
040 _cCHAP
090 _aTesis
100 0 0 _aElizondo Lozano, Rogelio.
_936331
245 1 0 _aDinámica poblacional y hábitos de ataque en sorgo forrajero por larvas de Eoreuma (=chilo) loftini (Dyor)
_c/por Rogelio Elizondo Lozano
260 _aMarín, N. L. :
_bEl autor,
_c1986.
300 _a62 h. :
_b3 fotografías ; gráfs.
502 _aTesis (Ing. Agr. Parasitólogo) -- Universidad Autónoma de Nuevo León. Facultad de Agronomía
590 _aALEPH
_b10
_c20130110
_lUCH01
_h1421
590 _aBATCH-UPD
_b10
_c20130110
_lUCH01
_h0530
590 _aCONVERSION
_b10
_c20130109
_lUCH01
_h1341
650 1 4 _aEoreuma chilo.
_937198
650 1 4 _aSorgo como forraje.
_9108743
650 1 4 _aSorgo
_xPlagas.
_9108704
901 _aBK
905 _aLilia Sánchez G.
942 _cTESIS
949 _bBC
_cTES
_d854231
_eTS1
_h19940
_i85423
_sb
999 _c74880
_d74880